000 00739nam a2200241 a 4500
008
020 _a0415045355 (pbk.)
049 _aMAIN
090 _aHF5821SIN
100 1 _aSinclair, John
245 1 0 _aImages incorporated :
_badvertising as industry and ideology /
_cJohn Sinclair.
260 _aLondon :
_bpublished in the USA in association with Methuen,
_cc1987.
300 _a215 p.
_bill., ;
_c23 cm.
440 _aMedia debates series.
504 _aIncludes bibliographical references.
500 _aIncludes index.
650 0 _aAdvertising.
907 _a.b10125371
_b22-02-06
_c08-06-04
003
005 20230123133731.0
040 _cNUST
942 _cBOOKS
_kHF5821SIN
999 _c153705
_d153705